000
00281nam a2200121Ia 4500
005
20251222143108.0
008
251222s9999||||xx |||||||||||||| ||spa||
082
_a
726.6/F93
100
_a
Fulcanelli
245
0
_a
El Misterio de las Catedrales
264
_b
Rotativa
942
_c
LIB
999
_c
11046
_d
11046